Biochemistry: (Record no. 37188)

MARC details
000 -LEADER
fixed length control field 00507nam a22002057a 4500
005 - DATE AND TIME OF LATEST TRANSACTION
control field 20260507084321.0
008 - FIXED-LENGTH DATA ELEMENTS--GENERAL INFORMATION
fixed length control field 260507b |||||||| |||| 00| 0 eng d
020 ## - INTERNATIONAL STANDARD BOOK NUMBER
ISBN 9781454126109
082 ## - DEWEY DECIMAL CLASSIFICATION NUMBER
Classification number 572
Item number BER-B
100 ## - MAIN ENTRY--AUTHOR
Author Name Berg Jeremy M.
245 ## - TITLE STATEMENT
Title Biochemistry:
250 ## - EDITION STATEMENT
Edition statement 8th.ed
260 ## - PUBLICATION, DISTRIBUTION, ETC.
Place of Publication America:
Name of publisher, distributor, etc. Kate Ahr Parker;
Date of publication, distribution, etc. 2015.
300 ## - PHYSICAL DESCRIPTION
Pages 1056p.
500 ## - GENERAL NOTE
General note include index.
650 ## - SUBJECT ADDED ENTRY--TOPICAL TERM
Subject / Department Medical / Biochemistry
700 ## - ADDED ENTRY--PERSONAL NAME
Personal name John L. Tymoczko
700 ## - ADDED ENTRY--PERSONAL NAME
Personal name Lubert Stryer
952 ## - LOCATION AND ITEM INFORMATION (KOHA)
-- 0
-- 0
952 ## - LOCATION AND ITEM INFORMATION (KOHA)
-- 0
-- 0
Holdings
Lost status Damaged status Collection code Permanent Location Current Location Shelving Location Date acquired Full Call Number Accession No./Barcode Date last seen Copy number item type Koha item type
    Medical Superior Information Resource Center (SIRC) Superior University- Central Library Superior Information Resource Center (SIRC) Superior University- Central Library Biochemistry(D-L) 05/07/2026 572 BER-B 2015 29971 05/07/2026 1 BOOK BOOK
    Medical Superior Information Resource Center (SIRC) Superior University- Central Library Superior Information Resource Center (SIRC) Superior University- Central Library Biochemistry(D-L) 05/07/2026 572 BER-B 2015 29972 05/07/2026 2 BOOK BOOK

Powered by Koha